| 000 | 00952cam a22002532 4500 | ||
|---|---|---|---|
| 001 | 0000023609 | ||
| 005 | 20151217152245.0 | ||
| 008 | 130311s xx 000 0 eng d | ||
| 020 | _a1841137681 : | ||
| 040 |
_aKABU _cKABU |
||
| 245 | 1 | 0 |
_aFighting for political freedom : _bcomparative studies of the legal complex and political liberalism / _cedited by Terence C. Halliday, Lucien Karpik and Malcolm M. Feeley. |
| 250 | _a1st ed. | ||
| 260 |
_aOxford : _bHart, _c2007. |
||
| 300 | _axii, 508 p. | ||
| 650 | 0 |
_aLiberalism _xCross-cultural studies. _@0000183128 |
|
| 650 | 0 |
_aCivil rights _xCross-cultural studies. _@0000183129 |
|
| 650 | 0 |
_aLaw _xPolitical aspects _xCross-cultural studies. _@0000183130 |
|
| 700 | 1 |
_aHalliday, Terence C. _@0000183131 |
|
| 700 | 1 |
_aKarpik, Lucien. _@0000183132 |
|
| 700 | 1 |
_aFeeley, Malcolm M. _@0000183133 |
|
| 852 | 1 | _9p3045 KES | |
| 908 | _a130311 | ||
| 950 | _@1 | ||
| 999 |
_c9887 _d9887 |
||